Statistics for Oceanic Vehicle Codes - Click Quiz

Click here to take the quiz!

General Stats

  • This quiz has been taken 51 times
  • The average score is 14 of 14

Answer Stats

HintAnswer% Correct
AUSAustralia
100%
FSMFederated States of Micronesia
100%
FJIFiji
100%
KIRKiribati
100%
MHMarshall Islands
100%
NAUNauru
100%
NZNew Zealand
100%
PNGPapua New Guinea
100%
SOLSolomon Islands
100%
TOTonga
100%
TUVTuvalu
100%
VUVanuatu
100%
PALPalau
98%
WSSamoa
90%

Score Distribution

Percentile by Number Answered

Percent of People with Each Score

Your Score History

You have not taken this quiz